טוען...
Music and musical intruments of southern India and the Decan /
| מחבר ראשי: | |
|---|---|
| פורמט: | Printed Book |
| שפה: | English |
| יצא לאור: |
Delhi :
B R Pub.,
1977.
|
| LEADER | 00488nam a2200133Ia 4500 | ||
|---|---|---|---|
| 008 | 150624b xxu||||| |||| 00| 0 eng d | ||
| 082 | |a 781.75428 | ||
| 100 | |a Day, C. R. | ||
| 245 | |a Music and musical intruments of southern India and the Decan / |c C. R. Day | ||
| 260 | |a Delhi : |b B R Pub., |c 1977. | ||
| 300 | |a 181 p. | ||
| 942 | |c BK | ||
| 999 | |c 24676 |d 24676 | ||
| 952 | |0 0 |1 0 |4 0 |6 781_754280000000000_DAY_M |7 0 |9 24675 |a UL |b UL |c ST1 |d 1998-09-24 |l 1 |o 781.75428 DAY/M |p 35924 |r 2016-03-22 |s 2016-03-11 |w 2012-10-27 |y BK | ||